000 00570nam a2200205Ia 4500
003 GCL
008 140319s9999 xx 000 0 eng d
020 _a1564962784
040 _aGCL /
_cGCL
082 0 4 _a729
_bZ I
100 1 _aZEVON, SUSAN
245 1 0 _aINSIDE ARCHITECTURE :
_bINTERIORS BY ARCHITECTS /
_cZEVON, SUSAN
260 _aنيويورك :
_bROCKPORT PUBLISHERS INC. ،
_c1996
300 _a30 CM ؛
_c192 P
650 0 4 _aARCHITECTURE
650 0 4 _aDECORATIVE ARTS
650 0 4 _aINTERIOR DESIGN
650 0 4 _aDECORATION AND ORNAMENT
942 _2ddc
_cBK
999 _c954
_d954